| 000 | 02966cam a22004454i 4500 | ||
|---|---|---|---|
| 003 | PE-LiUPU | ||
| 005 | 20250731165440.0 | ||
| 008 | 160623s2016 pe a grm 000 0 spa d | ||
| 035 | _a(Sirsi) a157488 | ||
| 040 |
_aPE-LiUPU _bspa _cPE-LiUPU _erda |
||
| 099 |
_aTCP 2 _bV35 2016 |
||
| 100 | 1 |
_aVásquez Campos, Salomón Axel, _eautor |
|
| 245 | 1 | 3 |
_aEl control interno: un estudio analítico de los procesos contables en el Centro de Aplicación Productos Unión de la Universidad Peruana Unión / _cSalomón Axel Vásquez Campos. |
| 264 | 0 | _c2016. | |
| 300 |
_a129 hojas : _bilustraciones; _c30 cm |
||
| 336 |
_atext _2rdacontent |
||
| 337 |
_aunmediated _2rdamedia |
||
| 338 |
_avolume _2rdacarrier |
||
| 502 |
_aTesis _b(Lic.) -- _cUniversidad Peruana Unión, _d2016. |
||
| 504 | _aIncluye referencias | ||
| 520 | 3 | _aEl objetivo del estudio es analizar el estado del control interno en el Centro de Aplicación Productos Unión de la Universidad Peruana Unión, 2014, cuyo diseño es descriptivo, se usó una encuesta para recabar información y describir el Control interno en caja, sobre las cuentas por cobrar y sobre los inventarios, en el referido centro de aplicación. El estudio se realizó, por sus propias características y la naturaleza de contabilidad, en una población de 8 trabajadores involucrados en el Control Interno. Entre otros resultados, se presenta los siguientes: De entre los contadores, el 28.6% opina que "algunas veces" existe un control interno en caja, y el 71.4l% opina que "siempre"; por otro lado, el 100% de los ingenieros, opina que "siempre" existe control interno en caja. En los contadores, la frecuencia esperada de "algunas veces" se vio superada por la frecuencia observada, para "siempre" la frecuencia esperada superó la frecuencia observada; en los ingenieros, la frecuencia esperada "algunas veces" superó la frecuencia observada, para la respuesta "siempre" la frecuencia observada, superó la frecuencia esperada. En conclusión, con un valor de Chi-cuadrado de 0,381, con 1 grado de libertad y significancia de p=0,537 (a = 0.005 o a=0.01), para la primera hipótesis de trabajo se acepta la hipótesis nula; entonces no hay dependencia entre las variables título profesional y control interno en caja; es decir, las operaciones de control interno sobre efectivo en caja y bancos no dependen de título del empleado en el centro de aplicación. | |
| 526 | _aSEG44 | ||
| 526 | _aSEG26 | ||
| 526 | _aP151 | ||
| 526 | _aP150 | ||
| 526 | _aP149 | ||
| 526 | _aP146 | ||
| 526 | _aP145 | ||
| 526 | _aP126 | ||
| 526 | _aP125 | ||
| 526 | _aP92 | ||
| 526 | _aP75 | ||
| 526 | _aP74 | ||
| 526 | _aP27 | ||
| 526 | _aP15 | ||
| 650 | 0 | 4 |
_aControl interno de caja _xControl de tesorería. |
| 596 | _a1 | ||
| 942 |
_2ddc _cTESIS |
||
| 999 |
_aTCP 2 V35 2016 _wALPHANUM _c10141 _iT02009 _lCCODEBUL3 _mBUL _r1 _sY _tTESIS _u2016-6-23 _xFCE _PP08 _o.STAFF. Tesis _d10141 |
||
| 980 |
_81 _gALBERTO SANCHEZ Responsable de Automatización |
||